[Event "3rd ch-GER Internet Blitz KO"]
[Site "playchess INT"]
[Date "2005.04.03"]
[Round "2.2"]
[White "Fridman,D2"]
[Black "Movsesian,S"]
[Result "1-0"]
[WhiteElo "2569"]
[BlackElo "2624"]

1.d4 Nf6 2.Nf3 g6 3.g3 Bg7 4.Bg2 O-O 5.Kf1 c6 6.c4 d6 7.Nc3 Nbd7 8.h3 e5
9.e3 Re8 10.Kg1 a6 11.a4 e4 12.Nd2 d5 13.Qb3 Nf8 14.c5 h5 15.a5 h4 16.g4 N6h7
17.Qb6 Qe7 18.f4 exf3 19.Nxf3 f5 20.gxf5 Bxf5 21.Bd2 Rad8 22.Re1 Rd7 23.Qb3 Ne6
24.Kh2 Rf8 25.Rhf1 Qd8 26.e4 dxe4 27.Nxe4 Kh8 28.Nd6 Rxd6 29.cxd6 Qxd6+ 30.Kh1 Qg3
31.Rxe6 Bxh3 32.Re2 Bxg2+ 33.Rxg2 Qh3+ 34.Kg1 Rxf3 35.Rxf3 Bxd4+ 36.Be3  1-0

[Event "3rd ch-GER Internet Blitz KO"]
[Site "playchess INT"]
[Date "2005.04.03"]
[Round "2.3"]
[White "Movsesian,S"]
[Black "Fridman,D2"]
[Result "1-0"]
[WhiteElo "2624"]
[BlackElo "2569"]

1.e4 e5 2.Nf3 d6 3.d4 exd4 4.Nxd4 Nf6 5.f3 d5 6.e5 Nfd7 7.f4 Nb6 8.a4 c5
9.Nf3 Nc6 10.Nc3 d4 11.Ne4 Bf5 12.Ng3 Be6 13.a5 Nd5 14.f5 Bc8 15.Bc4 Be7
16.O-O Ne3 17.Bxe3 dxe3 18.Qe1 Nd4 19.Rd1 Qc7 20.Qxe3 Nxf5 21.Nxf5 Bxf5 22.Bxf7+ Kxf7
23.Ng5+ Bxg5 24.Rxf5+ Kg8 25.Qxg5 Re8 26.e6 g6 27.Rf7  1-0

[Event "3rd ch-GER Internet Blitz GpA"]
[Site "playchess INT"]
[Date "2005.04.03"]
[Round "2.4"]
[White "Krivoshey,S"]
[Black "Movsesian,S"]
[Result "1/2-1/2"]
[WhiteElo "2487"]
[BlackElo "2624"]

1.Nf3 Nf6 2.c4 g6 3.Nc3 Bg7 4.e4 d6 5.d4 O-O 6.Be2 e5 7.O-O Na6 8.Be3 Ng4
9.Bg5 Qe8 10.dxe5 dxe5 11.h3 f6  1/2-1/2

[Event "3rd ch-GER Internet Blitz KO"]
[Site "playchess INT"]
[Date "2005.04.03"]
[Round "2.1"]
[White "Movsesian,S"]
[Black "Fridman,D2"]
[Result "0-1"]
[WhiteElo "2624"]
[BlackElo "2569"]

1.e4 e5 2.Nf3 Nf6 3.d4 Nxe4 4.Bd3 d5 5.Nxe5 Nd7 6.Nc3 Nxe5 7.dxe5 Nxc3 8.bxc3 Bc5
9.Qh5 Be6 10.Rb1 Bb6 11.O-O Qd7 12.Bg5 h6 13.h3 Bf5 14.a4 Bxd3 15.cxd3 Qf5
16.a5 Bxa5 17.Qh4 Bxc3 18.Qa4+ Qd7 19.Qa3 hxg5 20.Qxc3 b6 21.Rfc1 c5 22.Qd2 Qf5
23.d4 c4 24.Rb5 Rd8 25.Qb4 g4 26.Ra1 gxh3 27.Rxa7 Qg5  0-1

[Event "3rd ch-GER Internet Blitz GpA"]
[Site "playchess INT"]
[Date "2005.04.03"]
[Round "3.3"]
[White "Umansky,M"]
[Black "Movsesian,S"]
[Result "0-1"]
[WhiteElo "2477"]
[BlackElo "2624"]

1.d4 Nf6 2.c4 g6 3.g3 Bg7 4.Bg2 O-O 5.Nc3 d6 6.Nf3 c6 7.O-O Nbd7 8.e4 e5
9.h3 Qa5 10.Re1 exd4 11.Nxd4 Ne5 12.Bf1 Re8 13.f4 Ned7 14.Kh2 h5 15.Nb3 Qc7
16.c5 Nxc5 17.Nxc5 dxc5 18.e5 Nd5 19.Nxd5 cxd5 20.Qxd5 Be6 21.Qe4 Rad8 22.Be3 Bd5
23.Qc2 b6 24.Rad1 h4 25.gxh4 Bf3 26.Be2 Bb7 27.Bf1 Bf3 28.Be2 Bb7 29.Rg1 Rxe5
30.Rxd8+ Qxd8 31.fxe5 Bxe5+ 32.Rg3 Qd5  0-1

[Event "3rd ch-GER Internet Blitz GpA"]
[Site "playchess INT"]
[Date "2005.04.03"]
[Round "3.1"]
[White "Umansky,M"]
[Black "Movsesian,S"]
[Result "0-1"]
[WhiteElo "2477"]
[BlackElo "2624"]

1.d4 Nf6 2.c4 c6 3.Nc3 d5 4.Nf3 a6 5.Bg5 Ne4 6.e3 Nxg5 7.Nxg5 e6 8.f4 Be7
9.Nf3 O-O 10.Qc2 c5 11.Bd3 h6 12.cxd5 exd5 13.O-O Nc6 14.a3 cxd4 15.exd4 Bf6
16.Rad1 Bg4 17.Ne2 Rc8 18.Qb1 Qb6 19.Kh1 Bxf3 20.Rxf3 Bxd4 21.b4 Bf6 22.Qb3 Rcd8
23.Bb1 Ne7 24.Qd3 g6 25.f5 g5 26.Ng3 Rfe8 27.Nh5 d4 28.h4 Nd5 29.Rg3 Re3
30.Rxe3 Nxe3 31.Rg1 Re8 32.Ba2 Qd6 33.Re1 Re7 34.Re2 Ng4 35.g3 Qc6+ 36.Kg1 Qc1+
37.Kg2 Rxe2+ 38.Qxe2 Ne3+ 39.Kh2 Be5 40.hxg5 hxg5 41.f6 Qc2 42.Qxc2 Nxc2  0-1

[Event "TCh-BIH Prem"]
[Site "Neum BIH"]
[Date "2005.06.06"]
[Round "3"]
[White "Ilincic,Z"]
[Black "Movsesian,S"]
[Result "1/2-1/2"]
[WhiteElo "2473"]
[BlackElo "2628"]

1.d4 d5 2.c4 c6 3.Nf3 Nf6 4.e3 Bg4 5.h3 Bh5 6.cxd5 Bxf3 7.Qxf3 cxd5 8.Bd3 Nc6
9.O-O a6 10.Nc3 e6 11.Qg3 Nh5 12.Qg4 Nf6 13.Qg3 Nh5 14.Qg4 Nf6 15.Qg3  1/2-1/2

[Event "TCh-BIH Prem"]
[Site "Neum BIH"]
[Date "2005.06.11"]
[Round "8"]
[White "Movsesian,S"]
[Black "Podinic,V"]
[Result "1-0"]
[WhiteElo "2628"]
[BlackElo "2415"]

1.e4 d5 2.exd5 Qxd5 3.Nc3 Qa5 4.d4 Nf6 5.Bc4 Bg4 6.f3 Bf5 7.Ne2 e6 8.Bd2 Qb6
9.O-O c6 10.Kh1 Be7 11.Bb3 O-O 12.Be3 Qc7 13.Ng3 Bg6 14.f4 Bd6 15.Qf3 Nbd7
16.Bg1 Qa5 17.Nd1 Nd5 18.Be3 Rae8 19.c4 Nxe3 20.Nxe3 Nf6 21.Rad1 Nh5 22.c5 Nxg3+
23.hxg3 Bb8 24.g4 f6 25.g3 Bf7 26.Kg2 Qc7 27.Rh1 g6 28.Qe4 Kg7 29.Bc4 Bg8
30.b4 b5 31.Be2 f5 32.Qe5+ Qxe5 33.dxe5 g5 34.gxf5 exf5 35.Bf3 Re6 36.Rd7+ Kh8
37.Kf2 h6 38.Nc2 Rg6 39.Nd4 Bxa2 40.Nxc6 Bc4 41.Rb7  1-0

[Event "Blitz Match"]
[Site "Prague CZE"]
[Date "2005.07.14"]
[Round "1"]
[White "Movsesian,S"]
[Black "Navara,D"]
[Result "0-1"]
[WhiteElo "2645"]
[BlackElo "2663"]

1.e4 e5 2.Nf3 Nf6 3.d4 Nxe4 4.Bd3 d5 5.Nxe5 Nd7 6.Nc3 Nxc3 7.bxc3 Nxe5 8.dxe5 Bc5
9.Qh5 Be6 10.O-O Qd7 11.Bg5 Bf5 12.Rab1 Bxd3 13.cxd3 O-O 14.d4 Bb6 15.Be3 Rac8
16.f4 c5 17.f5 cxd4 18.cxd4 Rc3 19.Bf2 g6 20.fxg6 fxg6 21.Qh4 Qd8 22.Qg4 Qc8
23.e6 Rc6 24.Rbe1 Re8 25.Qf3 Rcxe6 26.Qxd5 Qc6 27.Qb3 Kg7 28.Rc1 Qd7 29.Rfd1 Re2
30.Rc2 Qf5 31.Rxe2 Rxe2 32.Bg3 Qe4 33.Bf2 Qf4 34.Bg3 Bxd4+ 35.Kh1 Qe4 36.Qf3 Qxf3
37.gxf3 Bc5 38.Rd7+ Kf6 39.Rxb7 Rxa2 40.Rxh7 a5 41.Rc7 Bb4 42.Rc6+ Kf5 43.Ra6 a4
44.Rb6 Bc3 45.Rb5+ Ke6 46.Rb6+ Kd5 47.Rxg6 a3 48.Ra6 Bb4 49.h4 Rc2 50.Be1 Rc1
51.Kg2 Rxe1 52.h5 Re6 53.Ra4 Kc4 54.f4 Kb3 55.f5 Rf6 56.Ra8 Rxf5 57.h6 Rh5
58.h7  0-1

[Event "Blitz Match"]
[Site "Prague CZE"]
[Date "2005.07.14"]
[Round "2"]
[White "Navara,D"]
[Black "Movsesian,S"]
[Result "0-1"]
[WhiteElo "2663"]
[BlackElo "2645"]

1.e4 c5 2.Nf3 Nc6 3.d4 cxd4 4.Nxd4 Qc7 5.Nc3 e6 6.g3 a6 7.Bg2 d6 8.O-O Bd7
9.Re1 Nf6 10.Nxc6 bxc6 11.Na4 Rd8 12.c4 c5 13.b3 Be7 14.Nc3 O-O 15.Bb2 Bc6
16.Qe2 Rfe8 17.Rad1 Nd7 18.Qd2 Ne5 19.f4 Ng6 20.h4 h6 21.h5 Nf8 22.Re3 Bf6
23.Ne2 e5 24.Rd3 Ne6 25.Bc3 Rd7 26.Ba5 Qb7 27.Rxd6 Rxd6 28.Qxd6 exf4 29.Nxf4 Bxe4
30.Nd5 Bd4+ 31.Kh2 Bxg2 32.Kxg2 Kh8 33.Re1 Qc8 34.Bc3 Bxc3 35.Nxc3 Nf4+ 36.Kf2 Nh3+
37.Kf1 Qf5+ 38.Kg2 Rxe1  0-1

[Event "49th TCh-ESP Honor 2"]
[Site "Sant Lluis ESP"]
[Date "2005.09.01"]
[Round "2"]
[White "Giorgadze,G1"]
[Black "Movsesian,S"]
[Result "1/2-1/2"]
[WhiteElo "2601"]
[BlackElo "2645"]

1.d4 d5 2.c4 c6 3.Nc3 Nf6 4.Nf3 a6 5.cxd5 cxd5 6.Bf4 Nc6 7.Rc1 e6 8.e3 Bd6
9.Bxd6 Qxd6 10.Bd3 O-O 11.O-O Bd7 12.Na4 e5 13.dxe5 Nxe5 14.Be2 Nxf3+ 15.Bxf3 Qb4
16.Nc3 Qxb2 17.Nxd5 Bb5 18.Rc2 Qe5 19.Qa1 Qxa1 20.Rxa1 Nxd5 21.Bxd5 Rac8
22.Rac1 Rxc2 23.Rxc2 Rd8 24.Rc7 Be8 25.e4 b5 26.Ra7 Rd6 27.f3 Kf8 28.g4 Bd7
29.Kf2 Be6 30.Bxe6 Rxe6 31.h4 h6 32.Ke3 g5 33.h5 Rc6 34.Kd3 Rd6+ 35.Ke3 Rc6
36.Kd3 Rd6+ 37.Ke3  1/2-1/2

[Event "49th TCh-ESP Honor 2"]
[Site "Sant Lluis ESP"]
[Date "2005.09.04"]
[Round "5"]
[White "Naiditsch,A"]
[Black "Movsesian,S"]
[Result "1/2-1/2"]
[WhiteElo "2612"]
[BlackElo "2645"]

1.e4 c5 2.Nf3 e6 3.d4 cxd4 4.Nxd4 Nf6 5.Nc3 d6 6.g4 h6 7.h3 Nc6 8.Bg2 a6
9.f4 Qb6 10.Nb3 Be7 11.Qf3 Nd7 12.h4 Qc7 13.Be3 b5 14.O-O-O Bb7 15.g5 b4
16.Ne2 Rc8 17.Kb1 Nce5 18.fxe5 Nxe5 19.Qf1 hxg5 20.hxg5 Rxh1 21.Bxh1 Qxc2+
22.Ka1 Nc4 23.Bc1 Bxe4 24.Bxe4 Qxe4 25.Qf2 Ne5 26.Ned4 Nd3 27.Qf1 Nxc1 28.Rxc1 Rxc1+
29.Qxc1 Kd7 30.Qf1 f6 31.g6  1/2-1/2

[Event "49th TCh-ESP Honor Final"]
[Site "Merida ESP"]
[Date "2005.09.11"]
[Round "2"]
[White "Naiditsch,A"]
[Black "Movsesian,S"]
[Result "1/2-1/2"]
[WhiteElo "2612"]
[BlackElo "2645"]

1.e4 c5 2.Nf3 e6 3.d4 cxd4 4.Nxd4 Nf6 5.Nc3 d6 6.g4 h6 7.h3 a6 8.Bg2 Qc7
9.f4 b5 10.O-O Bb7 11.a3 Nc6 12.Be3 Be7 13.g5 hxg5 14.fxg5 Nd7 15.g6 Nxd4
16.gxf7+ Kf8 17.Bxd4 Bf6  1/2-1/2

[Event "TCh-CZE Extraliga 2005-6"]
[Site "Czech Rep CZE"]
[Date "2005.11.05"]
[Round "3"]
[White "Stocek,J"]
[Black "Movsesian,S"]
[Result "1/2-1/2"]
[WhiteElo "2580"]
[BlackElo "2635"]

1.d4 d5 2.c4 c6 3.Nf3 Nf6 4.Nc3 a6 5.a4 e6 6.Bf4 Be7 7.e3 O-O 8.Be2 Nbd7
9.h3 dxc4 10.Bxc4 Nd5 11.Bg3 Qa5 12.Qc2 Bb4 13.O-O Nxc3 14.bxc3 Bxc3 15.Rab1 Bb4
16.Ng5 Qxg5 17.Rxb4 h6 18.Bd6 Re8 19.Ba2 a5 20.Rb3 e5 21.f4 exf4 22.Bxf4 Qe7
23.Rc3 Nf6 24.Bxh6 Nd5 25.Bxd5 cxd5  1/2-1/2

[Event "TCh-CZE Extraliga 2005-6"]
[Site "Czech Rep CZE"]
[Date "2005.12.03"]
[Round "5"]
[White "Movsesian,S"]
[Black "Likavsky,T"]
[Result "1-0"]
[WhiteElo "2635"]
[BlackElo "2514"]

1.e4 c5 2.Nf3 d6 3.Nc3 Nc6 4.d4 cxd4 5.Nxd4 Nf6 6.h3 g6 7.Nde2 h5 8.g3 Bd7
9.Bg2 Qc8 10.b3 Bg7 11.Bb2 h4 12.g4 Nxg4 13.hxg4 Bxg4 14.Rf1 h3 15.Bh1 Nd4
16.Qxd4 Bxd4 17.Nxd4 Qc5 18.Nd5 e5 19.Nf6+ Ke7 20.Nxg4 exd4 21.Rd1 Qa5+ 22.Rd2 Rhc8
23.Kd1 Qxa2 24.Bxd4 Kf8 25.Ne3 Qa6 26.Bf3 Rc5 27.Rh1 Re8 28.Rxh3 Rg5 29.Rh1 Ree5
30.Nc4 Rh5 31.Bxh5 Rxh5 32.Re1 Kg8 33.Bb2  1-0

[Event "TCh-CZE Extraliga 2005-6"]
[Site "Czech Rep CZE"]
[Date "2005.12.04"]
[Round "6"]
[White "Hracek,Z"]
[Black "Movsesian,S"]
[Result "1-0"]
[WhiteElo "2581"]
[BlackElo "2635"]

1.e4 c5 2.Nf3 d6 3.d4 cxd4 4.Nxd4 Nf6 5.Nc3 e6 6.g4 h6 7.h4 Nc6 8.Rg1 d5
9.Bb5 Bd7 10.exd5 Nxd5 11.Nxd5 exd5 12.Be3 Be7 13.Qd2 Nxd4 14.Bxd7+ Qxd7
15.Qxd4 Bf6 16.Qb4 a5 17.Qa3 Qe7 18.Qxe7+ Bxe7 19.O-O-O O-O-O 20.h5 Kc7 21.Rg3 b5
22.Bf4+ Kb6 23.Rgd3 Bc5 24.Rxd5 Rxd5 25.Rxd5 Kc6 26.Rf5 f6 27.Be3 Bxe3+ 28.fxe3 Re8
29.Kd2 a4 30.a3 Rd8+ 31.Ke2 Re8 32.Rf4 Kc5 33.Kd3 Re7 34.Re4 Rb7 35.Rd4 Kc6
36.e4 Rb8 37.Ke3 Rb7 38.Kf4 Kc5 39.Rd8 Kc6 40.Ke3 Rc7 41.Rd4 Kc5 42.Kd3 Rb7
43.b3 axb3 44.cxb3 Ra7 45.a4 bxa4 46.bxa4 Kc6 47.Ke3 Ra8 48.Kf4 Ra5 49.Rb4 Kc7
50.Rc4+ Kb7 51.Kf3 Kb6 52.Kf4 Kb7 53.e5 Rxe5 54.Re4 Ra5 55.Re7+ Kc6 56.Rxg7 Kd6
57.Rb7 Ke6 58.Rb6+ Kf7 59.Rb4 Ke6 60.Re4+ Kd6 61.Re1 Rxa4+ 62.Kf5 Ra5+ 63.Kxf6 Rg5
64.Re4 Kd5 65.Rf4 Kd6 66.Kf7 Ke5 67.Ra4 Kd6 68.Ra6+ Ke5 69.Rg6 Kf4 70.Kg7 Kxg4
71.Kxh6 Kh4 72.Rxg5  1-0

[Event "5th Amplico AIG Life"]
[Site "Warsaw POL"]
[Date "2005.12.17"]
[Round "2"]
[White "Grycel,K"]
[Black "Movsesian,S"]
[Result "0-1"]
[WhiteElo "2282"]
[BlackElo "2635"]

1.d4 Nf6 2.c4 g6 3.Nf3 Bg7 4.g3 O-O 5.Bg2 c6 6.O-O d6 7.Nc3 Nbd7 8.e3 a6
9.b3 b5 10.Nd2 Qb6 11.a4 Bb7 12.Bb2 Rfe8 13.Qc2 Rac8 14.Qd3 b4 15.Ne2 e5
16.c5 dxc5 17.Nc4 e4 18.Bxe4 Qc7 19.Bg2 cxd4 20.Qxd4 Rcd8 21.Qd6 Qc8 22.Qxb4 Ba8
23.Qc3 Qb8 24.Rfd1 Nc5 25.Rxd8 Rxd8 26.Nd4 Nd5 27.Qc2 Nb4 28.Qc3 Ncd3 29.Bf1 c5
30.Bxd3 cxd4 31.exd4 Qb7 32.Bf1  0-1

[Event "5th Amplico AIG Life"]
[Site "Warsaw POL"]
[Date "2005.12.17"]
[Round "5"]
[White "Movsesian,S"]
[Black "Grabarczyk,B"]
[Result "1-0"]
[WhiteElo "2635"]
[BlackElo "2472"]

1.e4 c6 2.d4 d5 3.e5 Bf5 4.Be3 e6 5.Nd2 Nd7 6.Be2 f6 7.f4 Nh6 8.Ngf3 Be7
9.h3 fxe5 10.fxe5 Be4 11.O-O Nf5 12.Bf2 O-O 13.c3 c5 14.Nh2 cxd4 15.cxd4 Rc8
16.Ng4 Bg5 17.Nxe4 dxe4 18.d5 Nb6 19.dxe6 Qe7 20.Qb3 h5 21.Bxb6 axb6 22.Nf6+ Rxf6
23.exf6 Be3+ 24.Qxe3 Qc5  1-0

[Event "5th Amplico AIG Life"]
[Site "Warsaw POL"]
[Date "2005.12.17"]
[Round "7"]
[White "Movsesian,S"]
[Black "Czakon,J"]
[Result "1-0"]
[WhiteElo "2635"]
[BlackElo "2477"]

1.e4 c6 2.d4 d5 3.e5 Bf5 4.Be3 e6 5.Nd2 Nd7 6.Be2 Ne7 7.Ngf3 Ng6 8.h3 h5
9.O-O Be7 10.c4 f6 11.cxd5 cxd5 12.exf6 gxf6 13.Qb3 Rb8 14.Rfe1 Kf7 15.Nf1 h4
16.N3h2 Bd6 17.Ng4 Kg7 18.Bd2 Nf4 19.Bf3 Nf8 20.Ne5 fxe5 21.dxe5 Nxh3+ 22.gxh3 Be7
23.Ne3 Bg6 24.Ng4 Nd7 25.Bf4 Qb6 26.Qd1 Rbf8 27.Be3 Qxb2 28.Kh2 Qc2 29.Qxc2 Bxc2
30.Rac1 Ba4 31.Be2 Rc8 32.Rb1 Bc6 33.Rg1 Kf7 34.Nh6+ Kf8 35.Bf4 Nc5 36.Rg6 Be8
37.Rg2 Bc6 38.Rbg1 Ke8 39.Rg7 Rf8 40.Rxe7+  1-0

[Event "5th Amplico AIG Life Gp4"]
[Site "Warsaw POL"]
[Date "2005.12.18"]
[Round "1"]
[White "Malaniuk,V"]
[Black "Movsesian,S"]
[Result "1/2-1/2"]
[WhiteElo "2526"]
[BlackElo "2635"]

1.d4 Nf6 2.Nf3 d5 3.c4 c6 4.e3 Bg4 5.h3 Bh5 6.Nc3 e6 7.g4 Bg6 8.Ne5 Nbd7
9.Nxg6 hxg6 10.Bd2 Bb4 11.Qb3 a5 12.Bg2 Qc7 13.a3 Bxc3 14.Bxc3 a4 15.Qa2 Nb6
16.cxd5 exd5 17.Qb1 Qe7 18.Qc2  1/2-1/2

[Event "5th Amplico AIG Life Places 5-8"]
[Site "Warsaw POL"]
[Date "2005.12.18"]
[Round "2"]
[White "Movsesian,S"]
[Black "Socko,B"]
[Result "0-1"]
[WhiteElo "2635"]
[BlackElo "2610"]

1.e4 e6 2.d4 d5 3.e5 c5 4.c3 Nc6 5.Nf3 Qb6 6.Be2 Nge7 7.Na3 Nf5 8.Nc2 Be7
9.Kf1 h5 10.h4 Bd7 11.g3 Rc8 12.Kg2 Na5 13.Rb1 Nc4 14.b4 Qa5 15.b5 Bxb5 16.Bd3 Ba4
17.Bg5 Bxg5 18.Qe2 Bf6 19.Rxb7 Bxc2 20.Ng5 Kf8  0-1

[Event "5th Amplico AIG Life Gp4"]
[Site "Warsaw POL"]
[Date "2005.12.18"]
[Round "3"]
[White "Deviatkin,A"]
[Black "Movsesian,S"]
[Result "1-0"]
[WhiteElo "2528"]
[BlackElo "2635"]

1.e4 c5 2.c3 d6 3.d4 Nf6 4.Bd3 e5 5.dxe5 dxe5 6.Bg5 Be7 7.Bxf6 Bxf6 8.Bb5+ Ke7
9.Qe2 a6 10.Bc4 Be6 11.Nd2 Nd7 12.Ngf3 Qc7 13.Bxe6 fxe6 14.g4 Kf7 15.g5 Be7
16.O-O-O Rhf8 17.h4 Kg8 18.g6 h6 19.Ng5 Rf6 20.Nc4 b5 21.Ne3 Nf8 22.Nh7 Rxg6
23.h5 Rg5 24.Nxg5 Bxg5 25.Kb1 c4 26.Rdg1 Nh7 27.Rd1 Rf8 28.f3 Bf4 29.Ng2 Bg5
30.Nh4 Rb8 31.Ka1 b4 32.Ng6 Nf6 33.cxb4 c3 34.Qc2 cxb2+ 35.Qxb2 Nd7 36.Qb3 Kh7
37.Rh2 a5 38.Rc2 Qa7 39.Qxe6 Nf6 40.Nxe5 Be3 41.Qf5+ Kg8 42.Nc6 Qb6 43.Qxa5 Qxa5
44.bxa5 Ra8 45.Rd8+  1-0

[Event "TCh-NED 2005-6"]
[Site "Netherlands NED"]
[Date "2006.02.04"]
[Round "6"]
[White "Movsesian,S"]
[Black "Saltaev,M"]
[Result "1-0"]
[WhiteElo "2632"]
[BlackElo "2500"]

1.e4 c6 2.d4 d5 3.e5 Bf5 4.Be3 e6 5.Nd2 Qb6 6.Nb3 Nd7 7.Nf3 Ne7 8.Be2 Bg6
9.O-O Nf5 10.Bd2 Qd8 11.Kh1 Bh5 12.h3 Bxf3 13.Bxf3 Be7 14.Be2 c5 15.dxc5 Nxc5
16.Bb5+ Nd7 17.Qe2 O-O 18.Bd3 Nh4 19.g3 Ng6 20.f4 Nc5 21.h4 Nxd3 22.cxd3 Rc8
23.Bc3 Qd7 24.h5 Nh8 25.Nd4 b5 26.a3 Bc5 27.Qg4 f5 28.exf6 Rxf6 29.Rae1 Nf7
30.Nxe6 Nh6 31.Qh3 d4 32.Bd2 Nf5 33.Ng5 Rh6 34.Kg1 Bd6 35.Ne4 Bf8 36.Re2 Rc2
37.Rfe1 Rxb2 38.Ng5 Rf6 39.Ne4 Rc6 40.Kf2 Qc8 41.g4 Ne3 42.f5 Bxa3 43.Bxe3 dxe3+
44.Qxe3 Rcc2 45.h6 Qc7 46.Kf3 Rxe2 47.Rxe2 Rxe2 48.Qxe2 Bc1 49.Nf6+  1-0

[Event "TCh-CZE Extraliga 2005-6"]
[Site "Czech Rep CZE"]
[Date "2006.02.26"]
[Round "9"]
[White "Movsesian,S"]
[Black "Babula,V"]
[Result "1/2-1/2"]
[WhiteElo "2632"]
[BlackElo "2585"]

1.e4 c5 2.Nf3 d6 3.d4 cxd4 4.Nxd4 Nf6 5.Nc3 a6 6.Be3 e5 7.Nf3 Be7 8.Bc4 O-O
9.O-O Be6 10.Bb3 Nc6 11.Qe2 Na5 12.Rfd1 Nxb3 13.cxb3 Qe8 14.Bg5 Nh5 15.Nd2 f5
16.Bxe7  1/2-1/2

[Event "TCh-NED 2005-6"]
[Site "Netherlands NED"]
[Date "2006.03.04"]
[Round "7"]
[White "Movsesian,S"]
[Black "Groffen,H"]
[Result "1-0"]
[WhiteElo "2632"]
[BlackElo "2185"]

1.e4 e6 2.d4 d5 3.e5 c5 4.c3 Nc6 5.Nf3 Bd7 6.Be2 Nge7 7.Na3 cxd4 8.cxd4 Nf5
9.Nc2 Qb6 10.h4 Rc8 11.g4 Nb4 12.Nxb4 Bxb4+ 13.Kf1 Nh6 14.Rg1 Bb5 15.Rg3 Bxe2+
16.Qxe2 Rc6 17.Bxh6 gxh6 18.Kg2 Qa6 19.Qe3 Bf8 20.Ne1 Qb6 21.b3 Qd8 22.Kh3 Bg7
23.Nd3 Kd7 24.Rf3 Qe7 25.Nf4 Rf8 26.Re1 f5 27.Rg1 fxg4+ 28.Rxg4 Rf5 29.Nd3 Qf7
30.Rgf4 Rxf4 31.Rxf4 Qe7 32.Qf3 Ke8 33.Nc5 Rc7 34.Qg4  1-0

[Event "VII Dos Hermanas Internet"]
[Site "ICC INT"]
[Date "2006.03.24"]
[Round "1.2"]
[White "Movsesian,S"]
[Black "Leon Hoyos,M"]
[Result "1-0"]
[WhiteElo "2632"]
[BlackElo "2428"]

1.e4 c5 2.d3 Nc6 3.g3 d5 4.Nd2 h5 5.Bg2 dxe4 6.Nxe4 h4 7.Be3 h3 8.Bf1 Nf6
9.Nf3 Nd5 10.Bxc5 Bg4 11.Be2 f5 12.Ned2 Qa5 13.d4 O-O-O 14.c3 b6 15.Nc4 Qxc5
16.dxc5 b5 17.Nce5 Nxe5 18.Nxe5 Nxc3 19.Qxd8+ Kxd8 20.bxc3 Bxe2 21.Kxe2  1-0

[Event "TCh-CZE Extraliga 2005-6"]
[Site "Czech Rep CZE"]
[Date "2006.03.25"]
[Round "10"]
[White "Movsesian,S"]
[Black "Navara,D"]
[Result "1/2-1/2"]
[WhiteElo "2632"]
[BlackElo "2660"]

1.e4 e5 2.Nf3 Nc6 3.Bb5 a6 4.Ba4 Nf6 5.O-O Be7 6.Re1 b5 7.Bb3 O-O 8.a4 b4
9.d3 d6 10.a5 Be6 11.Nbd2 Rb8 12.Bc4 Kh8 13.b3 Nd7 14.Bb2 Nc5 15.d4 exd4
16.Nxd4 Nxd4 17.Bxd4 Bxc4 18.Nxc4 Ne6 19.Bb2 Bf6 20.e5 dxe5 21.Bxe5 Nd4 22.Re4 Bxe5
23.Nxe5 c5 24.Rxd4 cxd4 25.Nc6 Qd6 26.Nxb8 Rxb8 27.Qd3 g6 28.Rd1 Rc8 29.g3 Kg7
30.h4 Rc5 31.Qxd4+ Qxd4 32.Rxd4 Rxc2 33.Rxb4 Ra2 34.Rb6 Rxa5  1/2-1/2

[Event "TCh-CZE Extraliga 2005-6"]
[Site "Czech Rep CZE"]
[Date "2006.03.26"]
[Round "11"]
[White "Meduna,E"]
[Black "Movsesian,S"]
[Result "1/2-1/2"]
[WhiteElo "2460"]
[BlackElo "2632"]

1.d4 Nf6 2.c4 g6 3.Nc3 Bg7 4.e4 d6 5.Be2 O-O 6.Nf3 Qe8 7.O-O h6 8.Be3 Ng4
9.Bc1 Nf6 10.Bf4 c6 11.h3 Kh7  1/2-1/2

[Event "XIII TCh-RUS"]
[Site "Sochi RUS"]
[Date "2006.04.20"]
[Round "1"]
[White "Movsesian,S"]
[Black "Shirov,A"]
[Result "1/2-1/2"]
[WhiteElo "2618"]
[BlackElo "2699"]

1.e4 e6 2.d4 d5 3.Nc3 Bb4 4.Bd3 dxe4 5.Bxe4 Nf6 6.Bf3 O-O 7.Ne2 e5 8.Bg5 h6
9.Bh4 exd4 10.Qxd4 Qxd4 11.Nxd4 Re8+ 12.Kf1 Bxc3 13.bxc3 Ne4 14.Bxe4 Rxe4
15.Bg3 Na6 16.Rd1 Be6 17.f3 Bc4+ 18.Kf2 Ree8 19.Rd2 Bxa2 20.Nb3 Rad8 21.Rhd1 Rxd2+
22.Rxd2 Re6 23.Rd8+ Kh7 24.Rd7 f6 25.Nd4 Re8 26.Nb3 b6 27.h4 h5 28.Bf4 Bxb3
29.cxb3 Nc5 30.Rxc7 a5 31.Rc6 Nxb3 32.Rxb6 Nc5 33.Kg3 Nd3 34.Ra6 Re2 35.Rxa5 Kg6
36.Bd6 Ne1 37.Kh3 Nxg2 38.c4 Ne3 39.c5 Nf5 40.Ra4 Rc2 41.Re4 Kf7 42.Rf4 Ke6
43.Bf8 Rc3 44.Bd6 Rc2 45.Bf8 g5 46.hxg5 fxg5 47.Re4+ Kd5 48.Re8 Rc3 49.Rd8+ Kc6
50.Kg2 Nh4+ 51.Kg1 Nxf3+ 52.Kf2 Ne5 53.Be7 Rf3+ 54.Ke2 g4 55.Rd6+ Kb7 56.Rb6+ Kc8
57.Bd6 Nc4 58.Rb8+ Kd7 59.Rb7+ Kc6 60.Rc7+ Kd5 61.Rh7 Rf5 62.Be7 Ne5 63.Rg7 Nc6
64.Bh4 Nd4+ 65.Ke3 Re5+ 66.Kd3 Ne6 67.c6 Kxc6 68.Rf7 Nc5+ 69.Kd4 Re4+ 70.Kc3 g3
71.Bxg3 Re3+ 72.Kc4 Rxg3 73.Rf6+ Kd7 74.Kxc5 Ke7 75.Rh6 Rg5+ 76.Kd4 Kf7 77.Ke4 Kg7
78.Ra6 h4  1/2-1/2

[Event "XIII TCh-RUS"]
[Site "Sochi RUS"]
[Date "2006.04.27"]
[Round "8"]
[White "Movsesian,S"]
[Black "Areshchenko,A"]
[Result "1/2-1/2"]
[WhiteElo "2618"]
[BlackElo "2660"]

1.e4 c5 2.Nf3 d6 3.d4 cxd4 4.Nxd4 Nf6 5.Nc3 a6 6.Be3 e5 7.Nf3 Be7 8.Bc4 O-O
9.O-O Nc6 10.Bb3 h6 11.Qe2 Na5 12.Rfd1 Nxb3 13.axb3 Qe8 14.Nd2 b5 15.Nxb5 Bg4
16.f3 Qxb5 17.Qxb5 axb5 18.fxg4 Nxg4 19.Nf1 Nf6 20.Ng3 Rxa1 21.Rxa1 Rc8 22.c3 d5
23.Nf5 Bf8 24.exd5 Nxd5 25.Rd1 Nxe3 26.Nxe3 b4 27.Nc4 f6 28.Rd5 Rc5 29.Rd7 Rb5
30.Nd2 Ra5 31.Kf1 Ra2 32.Nc4 bxc3 33.bxc3 Rc2 34.Rd3 e4 35.Rd4 Rc1+ 36.Ke2 f5
37.Ne3 g6 38.g4 f4 39.Nd1 h5 40.g5 Rc2+ 41.Ke1 Rxh2 42.Rxe4 Rh1+ 43.Kd2 Rg1
44.Rxf4 Rxg5 45.Ke2 Re5+ 46.Kf1 g5 47.Rc4 Kf7 48.b4 Ke6 49.Kf2 Rf5+ 50.Kg2 Rd5
51.Ne3 Rd2+ 52.Kf3 g4+ 53.Nxg4 hxg4+ 54.Kxg4 Rc2 55.Kf3 Kd5 56.Rd4+ Kc6 57.Rc4+ Kb5
58.Rc8 Bg7 59.Ke4 Ka4 60.Ra8+ Kb3 61.b5 Kc4 62.Rc8+ Kxb5 63.Kd3 Rh2 64.Rb8+ Kc6
65.Rc8+ Kd7 66.Rc5 Kd6 67.Rc8 Be5 68.Rd8+ Kc5 69.Rc8+ Kb5 70.Ke4 Bf6 71.Kd3 Bg5
72.Rb8+ Kc5 73.Rg8 Rd2+ 74.Ke4 Bd8 75.Rg6 Rd7 76.Rh6 Kb5 77.Rg6 Bb6 78.Ke5 Rd3
79.c4+ Kc5 80.Rg4 Rd8 81.Ke6 Re8+ 82.Kd7 Re1 83.Rh4 Rd1+ 84.Ke6 Bc7 85.Rg4 Re1+
86.Kf5 Ba5 87.Re4 Rf1+ 88.Rf4 Rd1 89.Ke6 Bc3 90.Rf8 Re1+ 91.Kd7 Kxc4 92.Rc8+ Kd4
93.Kc6 Re5 94.Rd8+ Kc4 95.Rd6 Bd4 96.Rg6 Ra5 97.Re6 Be5 98.Kb6 Rb5+ 99.Kc6 Rc5+
100.Kd7 Kd5 101.Re7 Bd6 102.Rf7 Rb5 103.Rf5+ Be5 104.Rf7 Rb6 105.Re7 Bf6
106.Rf7 Rd6+ 107.Kc7 Bd8+ 108.Kc8 Ke6 109.Rb7 Be7 110.Rb5 Rc6+ 111.Kb7 Kd7
112.Rd5+ Bd6 113.Rb5 Rc1 114.Rb6 Bc5 115.Rb3 Bd4 116.Ka6 Kc6 117.Rb6+ Kd5
118.Rb7 Kc6 119.Rb6+ Kc5 120.Kb7 Ra1 121.Rc6+ Kd5 122.Rc7 Rb1+ 123.Kc8 Be5
124.Rb7 Ra1 125.Kd7 Ra5 126.Kc8 Kc6 127.Rc7+ Kd6 128.Kb7 Bd4  1/2-1/2

[Event "TCh-ESP Honor Gp1"]
[Site "Olite ESP"]
[Date "2006.09.06"]
[Round "1"]
[White "Movsesian,S"]
[Black "Oms Pallise,J"]
[Result "1-0"]
[WhiteElo "2637"]
[BlackElo "2511"]

1.e4 e6 2.d4 d5 3.e5 c5 4.c3 Nc6 5.Nf3 Bd7 6.Be2 Nge7 7.Na3 cxd4 8.cxd4 Nf5
9.Nc2 Qb6 10.h4 Nb4 11.Nxb4 Qxb4+ 12.Kf1 Bb5 13.g4 Ne7 14.h5 Rc8 15.Kg2 Nc6
16.Bxb5 Qxb5 17.h6 gxh6 18.Bxh6 Qxb2 19.Rb1 Qxa2 20.Bxf8 Rxf8 21.Ng5 b6 22.Nxh7 Rh8
23.Rc1 Kd7 24.Qf3 Kc7 25.Qxf7+ Kb8 26.Qxe6 Nxd4 27.Qd6+ Ka8 28.Nf6 Ne2 29.Rxh8 Rxh8
30.Qc6+ Kb8 31.Nd7+  1-0

[Event "TCh-ESP Honor Gp1"]
[Site "Olite ESP"]
[Date "2006.09.08"]
[Round "3"]
[White "Delchev,A"]
[Black "Movsesian,S"]
[Result "0-1"]
[WhiteElo "2637"]
[BlackElo "2637"]

1.d4 Nf6 2.c4 c6 3.Nf3 d5 4.e3 Bg4 5.Nc3 e6 6.h3 Bxf3 7.Qxf3 Nbd7 8.Bd2 Bd6
9.Bd3 O-O 10.O-O Re8 11.Rfd1 Qe7 12.Bf1 a6 13.e4 e5 14.c5 Bb8 15.exd5 exd4
16.d6 Qd8 17.Na4 Nxc5 18.Nxc5 Qxd6 19.g3 Qxc5 20.Qb3 Ba7 21.Qxb7 d3 22.Be3 Rxe3
23.Qxa8+ Re8  0-1

[Event "TCh-ESP Honor Gp1"]
[Site "Olite ESP"]
[Date "2006.09.10"]
[Round "5"]
[White "Giorgadze,G1"]
[Black "Movsesian,S"]
[Result "1/2-1/2"]
[WhiteElo "2607"]
[BlackElo "2637"]

1.d4 Nf6 2.Nf3 d5 3.c4 c6 4.e3 Bg4 5.Nbd2 e6 6.Be2 Nbd7 7.O-O Bd6 8.b3 O-O
9.Bb2 Qb8 10.h3 Bh5 11.Rc1 Re8 12.Re1 a6 13.Qc2 Bg6 14.Bd3 Bxd3 15.Qxd3 e5
16.e4 dxe4 17.Nxe4 Nxe4 18.Qxe4 Nf6 19.Qh4 e4 20.Ne5 Qc8 21.Re3 Qe6 22.Rg3 g6
23.Rf1  1/2-1/2

[Event "15th TCh-CRO"]
[Site "Sibenik CRO"]
[Date "2006.09.23"]
[Round "2"]
[White "Ruck,R"]
[Black "Movsesian,S"]
[Result "1/2-1/2"]
[WhiteElo "2523"]
[BlackElo "2637"]

1.Nf3 d5 2.d4 c6 3.c4 Nf6 4.Nc3 a6 5.a4 e6 6.g3 dxc4 7.Bg2 c5 8.dxc5 Qxd1+
9.Nxd1 Nc6 10.Ne3 Bxc5 11.Nxc4 Bd7 12.O-O Ke7 13.b3 Nd5 14.Bb2 f6 15.Rfc1 Rhd8
16.Nce5 Bd6 17.Nxd7 Rxd7 18.Nd4 Nxd4 19.Bxd4 Rc7 20.Rxc7+ Bxc7 21.Rc1 Bd6
22.f4 Rd8 23.e4 e5 24.fxe5 fxe5 25.Bxe5 Bxe5 26.exd5 Kd6 27.Be4 h6 28.Kf2 Bf6
29.Rc4 Rd7 30.Ke3 Rc7 31.Rxc7 Kxc7 32.d6+ Kxd6 33.Bxb7 a5  1/2-1/2